00363nam a2200145Ia 4500008004100000020001500041041001200056082001600068100001900084245004800103250000800151260003500159300000800194650001500202221030s9999 xx 000 0 und d a8129701987 aEnglish a105.23bMal aN. K. Malhotra 0aMarketing Research - An Applied Orientation a3rd bPearson EducationaDelhic2003 a504 aManagement